| 000 | 01277cam a22002895a 4500 | ||
|---|---|---|---|
| 001 | 17387677 | ||
| 005 | 20151019121655.0 | ||
| 008 | 120716t2012 enka frbe 001 0 eng d | ||
| 010 | _a 2012025749 | ||
| 020 | _a9780470973882 (hardback) | ||
| 040 |
_aDLC _beng _cDLC _dEG-ScBUE |
||
| 082 | 0 | 4 |
_a363.700727 _bENC _222 |
| 245 | 0 | 0 |
_aEncyclopedia of environmetrics / _ceditors-in-chief Abdel H. El-Shaarawi, Walter W. Piegorsch. |
| 250 | _a2nd ed. | ||
| 260 |
_aChichester : _bJohn Wiley & Sons Ltd., _c2012. |
||
| 300 |
_a6 v. : _bill. ; _c25 cm. |
||
| 504 | _aIncludes bibliographical references and index. | ||
| 505 | _av. 1. Abi-Con -- v. 2. Coo-Fis -- v. 3. Flo-Mat -- v. 4. Max-Qua -- v. 5. Rad-Spl -- v. 6. Sta-Zer. | ||
| 520 | _a"An expanded and revised edition of an essential reference work for university libraries, research laboratories, government institutions and consultancies concerned with the environmental sciences". | ||
| 650 | 0 |
_aEnvironmental sciences _xStatistical methods _vEncyclopedias. _2BUEsh |
|
| 650 | 0 |
_aEnvironmental sciences _xMethodology _vEncyclopedias. _2BUEsh |
|
| 651 | _2BUEsh | ||
| 653 |
_bENGGEN _cOctober2015 |
||
| 700 | 1 |
_aEl-Shaarawi, A. H., _eeditor. |
|
| 700 | 1 |
_aPiegorsch, Walter W., _eeditor. |
|
| 942 |
_2ddc _k363.700727 ENC |
||
| 999 |
_c20931 _d20903 |
||